Central Library OPAC University of Rajshahi

Soy protein and national food policy / (Record no. 52115)

MARC details
000 -LEADER
fixed length control field 00901cam a2200265 a 4500
001 - CONTROL NUMBER
control field 52115
003 - CONTROL NUMBER IDENTIFIER
rucl marc code BD-RjUL
005 - DATE AND TIME OF LATEST TRANSACTION
control field 20211209075745.0
008 - FIXED-LENGTH DATA ELEMENTS--GENERAL INFORMATION
fixed length control field 160906s1988 enka 000 0 eng
020 ## - INTERNATIONAL STANDARD BOOK NUMBER
International Standard Book Number 0813376327 (alk. paper)
035 ## - SYSTEM CONTROL NUMBER
System control number (BD-RjUL)52235
040 ## - CATALOGING SOURCE
Original cataloging agency DLC
Transcribing agency DLC
Modifying agency DLC
-- BD-RjUL
Language of cataloging eng
041 ## - LANGUAGE CODE
Language code of text/sound track or separate title eng
082 00 - DEWEY DECIMAL CLASSIFICATION NUMBER
Edition number 23
Classification number 338.17334
Author mark and year SOY 1988
245 00 - TITLE STATEMENT
Title Soy protein and national food policy /
Statement of responsibility, etc. edited by F.H. Schwarz.
260 ## - PUBLICATION, DISTRIBUTION, ETC. (IMPRINT)
Place of publication, distribution, etc. London :
Name of publisher, distributor, etc. Westview Press,
Date of publication, distribution, etc. 1988
300 ## - PHYSICAL DESCRIPTION
Pagination x, 349 p. :
Illustrations ill. ;
Size 24 cm.
500 ## - GENERAL NOTE
General note "Published in cooperation with Protein Technologies International, a subsidiary of the Ralston Purina Company"--Prelim. p.
650 #0 - SUBJECT ADDED ENTRY--TOPICAL TERM
Topical term or geographic name as entry element Soy proteins.
9 (RLIN) 155884
Topical term or geographic name as entry element Plant proteins as food.
9 (RLIN) 155885
Topical term or geographic name as entry element Food supply
General subdivision Government policy.
9 (RLIN) 155886
700 1# - ADDED ENTRY--PERSONAL NAME
Personal name Schwarz, F. H.
942 ## - ADDED ENTRY ELEMENTS (KOHA)
Source of classification or shelving scheme Dewey Decimal Classification
Koha item type Books
Holdings
Lost status Source of classification or shelving scheme Damaged status Not for loan Collection code Permanent Location Current Location Shelving location Date acquired Source of acquisition Total Checkouts Full call number Date last seen Copy number Koha item type
  Dewey Decimal Classification     Non-fiction Central Library, University of Rajshahi Central Library, University of Rajshahi   17/06/1991 Asia Foundation   338.17334 SOY 1988 06/09/2016 C-2 Books